[Event "Superettan(Vaxjo-Orebro)"]
[Site "?"]
[Date "2023.01.20"]
[Round "6"]
[White "Golubka, Petro"]
[Black "Backe, Peter"]
[Result "1-0"]
[WhiteElo "2374"]
[BlackElo "2228"]
[PlyCount "99"]
[SourceVersionDate "2023.02.12"]

1. d4 Nf6 2. c4 e6 3. Nf3 b6 4. g3 Bb4+ 5. Bd2 a5 6. Bg2 O-O 7. O-O Ba6 8. Qc2
d5 9. b3 Ra7 10. Bg5 Be7 11. Rd1 h6 12. Bxf6 Bxf6 13. cxd5 exd5 14. Nc3 g6 15.
Rac1 Re8 16. e4 dxe4 17. Nxe4 Bg7 18. Ne5 Qe7 19. f4 Rd8 20. h4 Bc8 21. Qf2 Bb7
22. h5 gxh5 23. f5 Bxe4 24. Bxe4 f6 25. Nc6 Nxc6 26. Bxc6 Qd6 27. Kg2 h4 28.
gxh4 Kh8 29. Kh3 a4 30. bxa4 Ra5 31. Bb5 Qe7 32. Rd3 c5 33. d5 Raa8 34. Re1 Qf7
35. d6 Bf8 36. d7 c4 37. Rg3 Rxd7 38. Bxd7 Qxd7 39. Qf3 Rd8 40. Qg4 Bd6 41. Qg6
Bxg3 42. Qxf6+ Kg8 43. Rg1 Qd6 44. Rxg3+ Qxg3+ 45. Kxg3 Rd3+ 46. Kf4 c3 47.
Qg6+ Kf8 48. Qxh6+ Ke8 49. Qc6+ Kf8 50. f6 1-0

[Event "Superettan(Burgsvik-Upsala)"]
[Site "?"]
[Date "2022.10.16"]
[Round "3"]
[White "Schandorff, Lars"]
[Black "Sirin, Atakan"]
[Result "1-0"]
[WhiteElo "2476"]
[BlackElo "2336"]
[PlyCount "61"]
[EventDate "2022.??.??"]
[SourceVersionDate "2022.11.03"]

1. d4 d5 2. Nf3 Nf6 3. Bf4 c6 4. e3 Qb6 5. Qc1 Bg4 6. Nbd2 Nbd7 7. h3 Bxf3 8.
Nxf3 c5 9. a4 a6 10. a5 Qc6 11. Be2 Ne4 12. O-O c4 13. c3 f6 14. Bh2 e6 15. Nd2
Nd6 16. Qc2 Rc8 17. Rfc1 e5 18. b3 cxb3 19. Qxb3 Be7 20. Rab1 Bd8 21. Qa2 Ke7
22. c4 Re8 23. Qa3 Bc7 24. Bf3 Kd8 25. cxd5 Qxc1+ 26. Rxc1 Nb5 27. Qb4 Bd6 28.
Rxc8+ Kxc8 29. Qc4+ Kb8 30. Bg4 Rc8 31. Bxd7 1-0

[Event "Superettan(Lulea-Vaxjo)"]
[Site "?"]
[Date "2022.10.16"]
[Round "3"]
[White "Martirosyan, Haik M"]
[Black "Hillarp, Tiger"]
[Result "1-0"]
[WhiteElo "2666"]
[BlackElo "2511"]
[PlyCount "81"]
[SourceVersionDate "2022.11.05"]

1. d4 Nf6 2. c4 e6 3. Nf3 d5 4. Nc3 c6 5. Bg5 Nbd7 6. cxd5 exd5 7. Qc2 h6 8.
Bh4 Be7 9. e3 O-O 10. Bd3 Re8 11. O-O Ne4 12. Bxe4 Bxh4 13. Bh7+ Kh8 14. Bd3
Be7 15. Rae1 Kg8 16. h3 Nf8 17. Ne5 Be6 18. f4 f6 19. Nf3 Rc8 20. a3 Rc7 21.
Kh1 a6 22. Nh4 Bd6 23. Nf5 Bxf5 24. Bxf5 Rce7 25. Qd2 Bb8 26. Bb1 Ba7 27. Rf3
Qa5 28. g4 b5 29. Ref1 Bb8 30. g5 hxg5 31. fxg5 Qc7 32. gxf6 gxf6 33. e4 dxe4
34. Rxf6 e3 35. Ba2+ Kg7 36. Qe2 Qg3 37. R6f3 Qh4 38. Bf7 Ng6 39. Bxg6 Kxg6 40.
Qg2+ Kh7 41. Rf7+ 1-0

[Event "Superettan(Burgsvik-Upsala)"]
[Site "?"]
[Date "2022.10.16"]
[Round "3"]
[White "Johansson, Thomas"]
[Black "Larsson, Victor"]
[Result "1-0"]
[WhiteElo "2203"]
[BlackElo "2188"]
[PlyCount "99"]
[SourceVersionDate "2022.11.03"]

1. d4 d5 2. c4 e6 3. Nf3 Nf6 4. Nc3 Be7 5. Bf4 O-O 6. e3 Nbd7 7. c5 b6 8. b4 a5
9. a3 c6 10. Bd3 Nh5 11. O-O Ba6 12. h3 Bxd3 13. Qxd3 Nxf4 14. exf4 Qb8 15. g3
Re8 16. Ne5 Qc7 17. Nxd7 Qxd7 18. cxb6 axb4 19. axb4 Qb7 20. Na4 Rec8 21. f5
exf5 22. Qxf5 Bd8 23. b5 Bxb6 24. bxc6 Qxc6 25. Nxb6 Qxb6 26. Rxa8 Rxa8 27.
Qxd5 Rd8 28. Qc5 Qxc5 29. dxc5 Kf8 30. Rc1 Ke7 31. Kf1 Rd5 32. Ke2 Kd7 33. Ke3
Kc6 34. Ra1 Rxc5 35. Ra7 Rf5 36. f4 h5 37. Ke4 Rf6 38. Ra6+ Kd7 39. Rxf6 gxf6
40. Kf5 Ke7 41. h4 Kf8 42. Kxf6 Kg8 43. Kg5 Kg7 44. Kxh5 Kf6 45. g4 Kg7 46. Kg5
Kh7 47. Kf6 Kg8 48. h5 Kf8 49. h6 Kg8 50. Ke7 1-0

[Event "Superettan(Lulea-Vaxjo)"]
[Site "?"]
[Date "2022.10.16"]
[Round "3"]
[White "Lindberg, Bengt"]
[Black "Marklund, Niklas"]
[Result "1-0"]
[WhiteElo "2370"]
[BlackElo "2184"]
[PlyCount "46"]
[SourceVersionDate "2022.11.05"]

1. e4 c5 2. Nf3 d6 3. d4 cxd4 4. Nxd4 Nf6 5. Nc3 a6 6. Be2 e5 7. Nb3 Be7 8. Be3
O-O 9. g4 Be6 10. g5 Ne8 11. h4 Nc7 12. Bf3 a5 13. a4 Nd7 14. Qe2 Na6 15. Bg4
Bxg4 16. Qxg4 Nb4 17. Qe2 Qc7 18. O-O-O Rfc8 19. Kb1 Qc4 20. Qxc4 Rxc4 21. f3
Kf8 22. Rh2 b6 23. Nb5 Rc6 1-0

[Event "Superettan(Burgsvik-Upsala)"]
[Site "?"]
[Date "2022.10.16"]
[Round "3"]
[White "Andersson, Tommy"]
[Black "Wagner, Stephan"]
[Result "1-0"]
[WhiteElo "2379"]
[BlackElo "2243"]
[PlyCount "119"]
[SourceVersionDate "2022.11.03"]

1. Nf3 Nf6 2. c4 e6 3. b3 b6 4. g3 Bb7 5. Bg2 Be7 6. Bb2 O-O 7. O-O d5 8. cxd5
Nxd5 9. Na3 Bf6 10. d4 c5 11. Nc4 b5 12. Nce5 cxd4 13. Bxd4 Nd7 14. Nxd7 Qxd7
15. Bxf6 gxf6 16. e4 Nb6 17. Qe2 Qe7 18. Rfe1 b4 19. Qe3 Rfd8 20. Qh6 Nd7 21.
Qh4 Rab8 22. Rad1 Kg7 23. h3 Nf8 24. Rxd8 Qxd8 25. Qg4+ Ng6 26. h4 Kh8 27. h5
Ne5 28. Nxe5 fxe5 29. Rd1 Qe7 30. h6 Rg8 31. Qh5 f6 32. Qe2 Rd8 33. Rxd8+ Qxd8
34. Qb5 Qe7 35. Bh3 Bc8 36. Qb8 Qd7 37. Qxb4 Kg8 38. Bg4 Qc7 39. Kg2 Kf7 40.
Bh5+ Kg8 41. Qb5 Bd7 42. Qe2 Kf8 43. Qd2 Bc6 44. Qb4+ Kg8 45. f3 Qd8 46. a4 a5
47. Qc3 Qb6 48. Qd2 Qc7 49. b4 Bxa4 50. bxa5 Bb5 51. g4 Bc4 52. Qb4 Ba6 53. Qb6
Qxb6 54. axb6 Kf8 55. Kf2 Bb7 56. Ke3 f5 57. exf5 exf5 58. g5 f4+ 59. Kf2 Bc6
60. Bg4 1-0

[Event "Superettan(Lulea-Vaxjo)"]
[Site "?"]
[Date "2022.10.16"]
[Round "3"]
[White "Ernst, Thomas"]
[Black "Lindborg, Patrik"]
[Result "1/2-1/2"]
[WhiteElo "2305"]
[BlackElo "2160"]
[PlyCount "42"]
[SourceVersionDate "2022.11.05"]

1. e4 c5 2. Nf3 e6 3. d4 cxd4 4. Nxd4 Nc6 5. Nc3 Qc7 6. g3 a6 7. Bg2 d6 8. O-O
Bd7 9. Nxc6 Bxc6 10. Re1 Be7 11. Qg4 h5 12. Qe2 Nf6 13. a4 O-O 14. Bg5 Qa5 15.
h4 Rfe8 16. Bf3 Rac8 17. Bd2 Qc5 18. Be3 Qb4 19. Bd2 Qc5 20. Be3 Qb4 21. Bd2
Qc5 1/2-1/2

[Event "Superettan(Burgsvik-Upsala)"]
[Site "?"]
[Date "2022.10.16"]
[Round "3"]
[White "Burwick, Malte"]
[Black "Haitin, Ilja"]
[Result "0-1"]
[WhiteElo "2225"]
[BlackElo "2321"]
[PlyCount "75"]
[SourceVersionDate "2022.11.03"]

1. Nf3 Nf6 2. g3 b5 3. Bg2 Bb7 4. O-O c5 5. d3 e6 6. e4 d6 7. a4 a6 8. Qe2 Nbd7
9. Nbd2 Be7 10. c3 O-O 11. Ne1 Qc7 12. f4 e5 13. c4 bxc4 14. Nxc4 Nb8 15. Nc2
Nc6 16. Bd2 Bc8 17. f5 Qd8 18. Kh1 Rb8 19. Rab1 Rb3 20. Bc3 Nd7 21. a5 Nd4 22.
Nxd4 cxd4 23. Be1 Nc5 24. Rf3 Bd7 25. Bf1 Bb5 26. Qd1 d5 27. Nxe5 dxe4 28. dxe4
Rxf3 29. Bxb5 Re3 30. Nc6 Qc7 31. Nxe7+ Qxe7 32. Bc6 Nxe4 33. Qxd4 Rxe1+ 34.
Rxe1 Nxg3+ 35. hxg3 Qxe1+ 36. Kh2 Qxa5 37. Be4 Rd8 38. Qa7 0-1

[Event "Superettan(Lulea-Vaxjo)"]
[Site "?"]
[Date "2022.10.16"]
[Round "3"]
[White "Rydstrom, Tom"]
[Black "Pettersson, Tobias"]
[Result "1-0"]
[WhiteElo "2303"]
[BlackElo "2059"]
[PlyCount "77"]
[SourceVersionDate "2022.11.05"]

1. e4 d6 2. d4 Nf6 3. Nc3 g6 4. Be3 c6 5. Qd2 Nbd7 6. f3 b5 7. g4 Bg7 8. g5 Nh5
9. Nge2 Nb6 10. Ng3 Nxg3 11. hxg3 Qc7 12. Rh4 Nd7 13. f4 a6 14. O-O-O Bb7 15.
Qh2 Nf8 16. f5 b4 17. Na4 Qa5 18. b3 O-O-O 19. Qf2 f6 20. Qe1 fxg5 21. Bxg5 Bf6
22. Bxf6 exf6 23. a3 c5 24. dxc5 dxc5 25. Rxd8+ Kxd8 26. Qd2+ Ke7 27. e5 Qc7
28. exf6+ Kxf6 29. axb4 gxf5 30. Nxc5 Ng6 31. Qc3+ Kf7 32. Bc4+ Ke8 33. Rh2 Rf8
34. Re2+ Be4 35. Nxe4 fxe4 36. Rxe4+ Kd8 37. Qd3+ Kc8 38. Bd5 Qb6 39. Re6 1-0

[Event "Superettan(Burgsvik-Upsala)"]
[Site "?"]
[Date "2022.10.16"]
[Round "3"]
[White "Andersson, Bjorn"]
[Black "Malm Lindberg, Henrik"]
[Result "1-0"]
[WhiteElo "2146"]
[BlackElo "2133"]
[PlyCount "85"]
[SourceVersionDate "2022.11.03"]

1. e4 c5 2. Nf3 e6 3. d4 cxd4 4. Nxd4 Nf6 5. Nc3 d6 6. Be2 Be7 7. O-O O-O 8.
Kh1 Nc6 9. f4 a6 10. a4 Qc7 11. f5 Ne5 12. g4 h6 13. g5 hxg5 14. Bxg5 Bd7 15.
Rg1 Rfc8 16. Rg3 Qd8 17. Bh6 g6 18. fxg6 fxg6 19. Qg1 Qe8 20. Bf4 Rxc3 21. bxc3
Kg7 22. Qg2 Qf7 23. Rg1 Be8 24. Qh3 Nxe4 25. Bxe5+ dxe5 26. Rxg6+ Qxg6 27.
Rxg6+ Bxg6 28. Qxe6 exd4 29. Qxe7+ Kh6 30. Qh4+ Kg7 31. Bd3 Re8 32. cxd4 Nf6
33. Qg5 Ne4 34. Bxe4 Rxe4 35. h4 Kh7 36. h5 Re1+ 37. Kg2 Bxc2 38. Kf2 Re8 39.
a5 Rf8+ 40. Ke3 Rf7 41. d5 Bb1 42. d6 Bf5 43. d7 1-0

[Event "Superettan(Lulea-Vaxjo)"]
[Site "?"]
[Date "2022.10.16"]
[Round "3"]
[White "Hovhannisyan, Hrayr"]
[Black "Sevastianov, Andrii"]
[Result "0-1"]
[WhiteElo "2194"]
[BlackElo "2130"]
[PlyCount "100"]
[SourceVersionDate "2022.11.05"]

1. d4 d5 2. Nf3 Nf6 3. c4 e6 4. g3 dxc4 5. Bg2 a6 6. a4 Nc6 7. O-O Rb8 8. Nc3
Be7 9. e4 O-O 10. e5 Nd5 11. Ne4 f5 12. exf6 Nxf6 13. Re1 e5 14. d5 Nxd5 15.
Nfg5 Nf6 16. Nxf6+ Bxf6 17. Bd5+ Kh8 18. Nxh7 Be6 19. Nxf8 Bxd5 20. Ng6+ Kg8
21. Be3 Nd4 22. Bxd4 exd4 23. Qh5 c6 24. Qh8+ Kf7 25. Ne5+ Bxe5 26. Qh5+ Kg8
27. Qxe5 d3 28. a5 Qf8 29. Re3 Rd8 30. Rd1 Bf7 31. Qc7 Rd5 32. Qxb7 Rxa5 33.
Qxc6 Rb5 34. Rde1 d2 35. Rd1 Rxb2 36. Re2 Qd8 37. h4 Qd3 38. Re7 Rb1 39. Qa4
Rxd1+ 40. Qxd1 c3 41. Rxf7 Kxf7 42. Qh5+ Ke6 43. Qe8+ Kd5 44. Qd7+ Kc4 45. Qa4+
Kc5 46. Qa3+ Kc6 47. Qa4+ Kc5 48. Qa3+ Kc6 49. Qa4+ Qb5 50. Qe4+ Kc5 0-1

[Event "Superettan(Burgsvik-Upsala)"]
[Site "?"]
[Date "2022.10.16"]
[Round "3"]
[White "Styf, Josef"]
[Black "Tuvesson, Mats"]
[Result "1/2-1/2"]
[WhiteElo "2054"]
[BlackElo "2046"]
[PlyCount "38"]
[SourceVersionDate "2022.11.03"]

1. e4 c5 2. Nf3 d6 3. Bb5+ Bd7 4. a4 a6 5. Bxd7+ Nxd7 6. Qe2 e6 7. c3 Ngf6 8.
O-O Be7 9. h3 O-O 10. d3 Ne5 11. Nxe5 dxe5 12. f4 exf4 13. Bxf4 Nd7 14. Nd2 Bg5
15. Bd6 Be7 16. Bxe7 Qxe7 17. a5 Ne5 18. Nf3 Nxf3+ 19. Rxf3 e5 1/2-1/2

[Event "Superettan(Lulea-Vaxjo)"]
[Site "?"]
[Date "2022.10.16"]
[Round "3"]
[White "Olofsson-Dolk, Mattis"]
[Black "Pousette, Gunnar"]
[Result "1/2-1/2"]
[WhiteElo "2216"]
[BlackElo "1995"]
[PlyCount "107"]
[SourceVersionDate "2022.11.05"]

1. e4 c5 2. Nf3 Nc6 3. d4 cxd4 4. Nxd4 g6 5. c4 Nf6 6. Nc3 d6 7. Nc2 Bg7 8. Be2
O-O 9. O-O a5 10. Na3 Nd7 11. Be3 Nc5 12. Nab5 a4 13. Rc1 Qa5 14. Qd2 Be6 15.
Bh6 Qb4 16. a3 Qa5 17. Qe3 Rac8 18. Kh1 Nb3 19. Rcd1 Ne5 20. Bxg7 Kxg7 21. Nd5
Nxc4 22. Bxc4 Rxc4 23. Nbc3 Bxd5 24. Nxd5 e6 25. Nc3 Rd8 26. f4 Qc5 27. Qg3 Nd4
28. Qh4 f6 29. e5 dxe5 30. Ne4 Qf8 31. fxe5 f5 32. Nd6 Rxd6 33. exd6 Qxd6 34.
Rc1 Rxc1 35. Rxc1 e5 36. Qe1 b5 37. Qa5 Kh6 38. Rc3 Kg5 39. Rc8 Ne6 40. Qe1 e4
41. h4+ Kf6 42. Rh8 Qe5 43. Qc3 e3 44. Kg1 f4 45. Rxh7 Nd4 46. Qc8 Ne6 47. Qb7
Qxb2 48. Qe7+ Ke5 49. Rf7 Qf2+ 50. Kh1 Qe1+ 51. Kh2 Qg3+ 52. Kh1 Qe1+ 53. Kh2
Qg3+ 54. Kh1 1/2-1/2

[Event "Superettan(Burgsvik-Upsala)"]
[Site "?"]
[Date "2022.10.16"]
[Round "3"]
[White "Hakansson, Rustan"]
[Black "Bernhard, Jonathan"]
[Result "0-1"]
[WhiteElo "1955"]
[BlackElo "1992"]
[PlyCount "76"]
[SourceVersionDate "2022.11.03"]

1. c4 e5 2. Nc3 Nf6 3. g3 c6 4. d4 e4 5. d5 Bb4 6. Bg5 h6 7. Bxf6 Qxf6 8. Qc2
O-O 9. Bg2 Re8 10. e3 Bxc3+ 11. bxc3 Qe5 12. Rd1 Na6 13. d6 Nc5 14. Rd4 Re6 15.
Ne2 Nd3+ 16. Kf1 f5 17. Nf4 Nxf4 18. gxf4 Qf6 19. f3 exf3 20. Bxf3 Rxe3 21. Kf2
Re6 22. Rhd1 b6 23. Kg1 Bb7 24. Bg2 Rae8 25. R4d3 Ba6 26. Qa4 Re1+ 27. Rxe1
Rxe1+ 28. Bf1 Qe6 29. Rd1 Qe3+ 30. Kg2 Qe4+ 31. Kg1 Rxd1 32. Qxd1 Bxc4 33. Bg2
Qe3+ 34. Kh1 Be2 35. Qe1 Qd3 36. Bxc6 dxc6 37. d7 Bf3+ 38. Kg1 Qxd7 0-1

[Event "Superettan(Lulea-Vaxjo)"]
[Site "?"]
[Date "2022.10.16"]
[Round "3"]
[White "Hart, Alexander"]
[Black "Fransson, Patrick"]
[Result "1/2-1/2"]
[WhiteElo "2003"]
[BlackElo "2147"]
[PlyCount "43"]
[SourceVersionDate "2022.11.05"]

1. d4 d5 2. c4 c6 3. Nf3 Nf6 4. Nbd2 g6 5. e3 Bg7 6. Ne5 Nbd7 7. Nd3 O-O 8. b3
Ne4 9. Bb2 Ndf6 10. f3 Nxd2 11. Qxd2 Ne8 12. Ne5 f6 13. Nd3 Nd6 14. cxd5 cxd5
15. Be2 b6 16. O-O Bb7 17. Rac1 Qd7 18. Rc2 Rac8 19. Rfc1 Bh6 20. Nf2 Rxc2 21.
Rxc2 Rc8 22. Ng4 1/2-1/2

[Event "Superettan(SS 4 Springare-Kamraterna)"]
[Site "?"]
[Date "2022.10.16"]
[Round "3"]
[White "Andreasson, Ingvar"]
[Black "Larkin, Vladyslav"]
[Result "1/2-1/2"]
[WhiteElo "2319"]
[BlackElo "2421"]
[PlyCount "45"]
[EventDate "2022.??.??"]
[SourceVersionDate "2022.11.04"]

1. d4 d6 2. e4 Nf6 3. Nc3 g6 4. Nf3 Bg7 5. h3 O-O 6. Be3 c6 7. a4 b6 8. Qd2 Bb7
9. Bh6 d5 10. exd5 cxd5 11. Bd3 Nc6 12. O-O Rc8 13. Rfe1 Nb4 14. Bxg7 Kxg7 15.
Ne5 a5 16. f3 Nxd3 17. Qxd3 Ne8 18. Re2 Nd6 19. Rae1 e6 20. Nb5 Ba6 21. b3 Nf5
22. Qd2 Qh4 23. c3 1/2-1/2

[Event "Superettan(Orebro-Rockaden, Sthlm II)"]
[Site "?"]
[Date "2022.10.16"]
[Round "3"]
[White "Bator, Robert"]
[Black "Lundin, Jan"]
[Result "0-1"]
[WhiteElo "2353"]
[BlackElo "2199"]
[PlyCount "74"]
[SourceVersionDate "2022.11.05"]

1. e4 c6 2. d4 d5 3. e5 Bf5 4. Nd2 e6 5. Nb3 Nd7 6. Nf3 Bg6 7. Be2 Nh6 8. h4 f5
9. Ng5 Bf7 10. Nxf7 Nxf7 11. g4 Qe7 12. Qd3 fxg4 13. Bxg4 Ndxe5 14. Qh3 Nxg4
15. Qxg4 Qf6 16. Be3 Qf5 17. Qe2 Bb4+ 18. c3 Bd6 19. O-O-O O-O-O 20. Rdg1 g6
21. h5 g5 22. h6 Rhg8 23. Rh5 Rg6 24. Rg4 Rdg8 25. f4 Rxh6 26. Rgxg5 Nxg5 27.
Rxh6 Bxf4 28. Rh4 Bxe3+ 29. Qxe3 Qf1+ 30. Kc2 Ne4 31. Rh2 Rg3 32. Nd2 Qf5 33.
Qe1 Nxc3+ 34. Kb3 Ne4+ 35. Kb4 Qf8+ 36. Ka4 b5+ 37. Ka5 Ra3+ 0-1

[Event "Superettan(Orgryte-Vasteras II)"]
[Site "?"]
[Date "2022.10.16"]
[Round "3"]
[White "Adahl, Mattias"]
[Black "Frisk Kockum, Anton"]
[Result "0-1"]
[WhiteElo "2104"]
[BlackElo "2328"]
[PlyCount "84"]
[SourceVersionDate "2022.11.03"]

1. d4 f5 2. c4 Nf6 3. Nc3 d6 4. Nf3 g6 5. g3 Bg7 6. Bg2 O-O 7. O-O Nc6 8. d5
Ne5 9. Nxe5 dxe5 10. e4 f4 11. f3 g5 12. g4 h5 13. h3 e6 14. Qe2 hxg4 15. hxg4
exd5 16. Nxd5 c6 17. Nxf6+ Rxf6 18. Rd1 Rd6 19. Bd2 Qb6+ 20. c5 Qxc5+ 21. Kf1
Be6 22. b3 Rad8 23. Be1 Bf8 24. Rxd6 Rxd6 25. Qb2 Rd3 26. Rc1 Qd6 27. Qc2 Qd8
28. Bc3 Bc5 29. Re1 Be3 30. Ke2 Rd7 31. Rh1 Bd4 32. Rh6 Bf7 33. Bxd4 Rxd4 34.
Bf1 Kg7 35. Rh2 Qa5 36. Bh3 c5 37. Kf1 c4 38. Kg1 Qe1+ 39. Bf1 Qe3+ 40. Rf2 c3
41. Kg2 Rd2 42. Rxd2 cxd2 0-1

[Event "Superettan(SS 4 Springare-Kamraterna)"]
[Site "?"]
[Date "2022.10.16"]
[Round "3"]
[White "Galperin, Platon"]
[Black "Hamark, Jesper"]
[Result "1-0"]
[WhiteElo "2526"]
[BlackElo "2348"]
[PlyCount "61"]
[SourceVersionDate "2022.11.04"]

1. d4 Nf6 2. c4 g6 3. Nc3 Bg7 4. e4 d6 5. Be2 O-O 6. Be3 Na6 7. g4 e5 8. d5 Nc5
9. f3 a5 10. Qd2 c6 11. Nh3 cxd5 12. cxd5 a4 13. Nf2 Qa5 14. h4 h5 15. gxh5
Nxh5 16. Nb5 Qd8 17. Rc1 b6 18. Bg5 f6 19. Be3 Ng3 20. Rg1 Nxe2 21. Qxe2 Ba6
22. Nd1 f5 23. Rxg6 Qxh4+ 24. Kd2 fxe4 25. Qg2 exf3 26. Rxg7+ Kh8 27. Qg4 Qxg4
28. Rxg4 Bxb5 29. Nc3 Rf7 30. Nxb5 Rd8 31. Bg5 1-0

[Event "Superettan(Orebro-Rockaden, Sthlm II)"]
[Site "?"]
[Date "2022.10.16"]
[Round "3"]
[White "Nygren, Kim"]
[Black "Bryntze, Stefan"]
[Result "0-1"]
[WhiteElo "2227"]
[BlackElo "2236"]
[PlyCount "66"]
[SourceVersionDate "2022.11.05"]

1. e4 c5 2. Nf3 d6 3. d4 cxd4 4. Nxd4 Nf6 5. Nc3 e6 6. Be2 Be7 7. Be3 a6 8. f4
Qc7 9. O-O Nbd7 10. a4 O-O 11. g4 Nc5 12. Bf3 Rd8 13. g5 Nfd7 14. Qe1 Nb8 15.
f5 Nc6 16. Nxc6 bxc6 17. Qg3 Nd7 18. h4 Ne5 19. Be2 Rb8 20. b3 Bf8 21. h5 Qa5
22. Bd4 Rb4 23. Rad1 exf5 24. exf5 Re8 25. Be3 d5 26. g6 d4 27. Rxd4 Bc5 28. f6
hxg6 29. hxg6 Nxg6 30. Qxg6 fxg6 31. f7+ Kf8 32. fxe8=Q+ Kxe8 33. Rd3 Bf5 0-1

[Event "Superettan(Orgryte-Vasteras II)"]
[Site "?"]
[Date "2022.10.16"]
[Round "3"]
[White "Olsson, William"]
[Black "Kimari, Patrick"]
[Result "0-1"]
[WhiteElo "2288"]
[BlackElo "2072"]
[PlyCount "56"]
[SourceVersionDate "2022.11.03"]

1. c4 g6 2. g3 Bg7 3. Bg2 c6 4. e4 e5 5. Nc3 Ne7 6. Nge2 O-O 7. O-O d6 8. b4
Be6 9. d3 d5 10. c5 a5 11. Ba3 Nd7 12. exd5 Nxd5 13. b5 N7f6 14. bxc6 bxc6 15.
Ne4 Nxe4 16. dxe4 Nb4 17. Qb1 Qd2 18. Bf3 Rfd8 19. Rd1 Qxd1+ 20. Qxd1 Rxd1+ 21.
Rxd1 Nxa2 22. Nc1 Nc3 23. Rd3 Nb5 24. Bd1 Bf8 25. Ba4 Bc4 26. Re3 Bh6 27. Rf3
Nd4 28. Rc3 Bxc1 0-1

[Event "Superettan(SS 4 Springare-Kamraterna)"]
[Site "?"]
[Date "2022.10.16"]
[Round "3"]
[White "Aberg, Anton"]
[Black "Kassani, Sam"]
[Result "1-0"]
[WhiteElo "2321"]
[BlackElo "2173"]
[PlyCount "123"]
[EventDate "2022.??.??"]
[SourceVersionDate "2022.11.04"]

1. d4 Nf6 2. Bg5 d5 3. e3 h6 4. Bxf6 gxf6 5. c4 c6 6. Nc3 Rg8 7. Qb3 e6 8. Nf3
Qb6 9. Qc2 dxc4 10. O-O-O Qa5 11. Bxc4 Nd7 12. g3 Nb6 13. Bb3 Bd7 14. Ne4 Be7
15. Nc5 O-O-O 16. Kb1 Kb8 17. a3 Bc8 18. Rc1 Nd7 19. Nd3 Qf5 20. Nd2 Nb6 21.
Ka1 Qh7 22. Nc4 Nxc4 23. Bxc4 Qe4 24. Rhd1 b6 25. Qc3 Bb7 26. Ba2 Rc8 27. Bb1
Qf3 28. Rd2 Rgd8 29. Rcd1 Qd5 30. Nf4 Qb5 31. Bd3 Qg5 32. h4 Qg8 33. Be4 f5 34.
Bf3 Bf6 35. Qc2 Qe8 36. Nd3 Qe7 37. Qa4 c5 38. Bxb7 Qxb7 39. dxc5 bxc5 40. Qf4+
Ka8 41. Ne5 Rb8 42. Nc4 Qb3 43. Qf3+ Rd5 44. Rc1 Rb7 45. Rdc2 Rd3 46. Qe2 Rbd7
47. Kb1 Qb5 48. e4 fxe4 49. Qxe4+ Qb7 50. Qh7 Rd8 51. Qxh6 Bd4 52. Na5 Qb5 53.
Qh7 Rxa3 54. Qe4+ Rd5 55. Nc4 Rb3 56. h5 Kb8 57. h6 Rd8 58. h7 Bh8 59. Ne5 Rd5
60. f4 f6 61. Qg6 fxe5 62. Qg8+ 1-0

[Event "Superettan(Orebro-Rockaden, Sthlm II)"]
[Site "?"]
[Date "2022.10.16"]
[Round "3"]
[White "Crevatin, Leo"]
[Black "Gruvaeus, Curt"]
[Result "1/2-1/2"]
[WhiteElo "2312"]
[BlackElo "2231"]
[PlyCount "124"]
[EventDate "2022.??.??"]
[SourceVersionDate "2022.11.05"]

1. d4 Nf6 2. c4 c5 3. d5 e6 4. Nc3 exd5 5. cxd5 d6 6. e4 g6 7. Nge2 Bg7 8. Ng3
a6 9. a4 h5 10. Be2 Nbd7 11. O-O h4 12. Nh1 Qc7 13. f4 c4 14. Qd4 h3 15. g3 O-O
16. Qxc4 Qxc4 17. Bxc4 Ng4 18. Rd1 Nc5 19. e5 dxe5 20. Nf2 exf4 21. Bxf4 Ne5
22. Be2 Bf5 23. Ra3 a5 24. g4 Bd7 25. Nb5 f5 26. g5 b6 27. Nxh3 Ne4 28. Nd4
Rac8 29. Nf2 Nc4 30. Ra2 Bxa4 31. Rxa4 Nxb2 32. Nxe4 fxe4 33. Bd6 Rfd8 34. Be7
Nxd1 35. Bxd1 Rc1 36. Bxd8 Rxd1+ 37. Kg2 Bxd4 38. d6 Bc5 39. Rxe4 Rxd6 40. Bf6
Rd2+ 41. Kg3 Kf7 42. h4 Rd1 43. Kf3 Rb1 44. Re2 Rb3+ 45. Kg4 Rb4+ 46. Kh3 a4
47. Re1 a3 48. Rf1 Ke6 49. h5 gxh5 50. g6 Rg4 51. g7 b5 52. Ba1 b4 53. Rf6+ Kd7
54. Rf5 Bd6 55. Rxh5 Rg1 56. Rh8 b3 57. g8=Q Rxg8 58. Rxg8 b2 59. Bxb2 axb2 60.
Rg1 Bf4 61. Rb1 Bc1 62. Rxb2 Bxb2 1/2-1/2

[Event "Superettan(Orgryte-Vasteras II)"]
[Site "?"]
[Date "2022.10.16"]
[Round "3"]
[White "Bjorkman, Filip"]
[Black "Vitenberg, Noam Aviv"]
[Result "0-1"]
[WhiteElo "2057"]
[BlackElo "2337"]
[PlyCount "91"]
[SourceVersionDate "2022.11.03"]

1. e4 c5 2. Nf3 Nc6 3. d4 cxd4 4. Nxd4 g6 5. c4 Bg7 6. Be3 Nf6 7. Nc3 O-O 8.
Be2 d6 9. f3 Be6 10. Qd2 Nxd4 11. Bxd4 Qa5 12. O-O Rfc8 13. b3 b5 14. cxb5 Nxe4
15. fxe4 Bxd4+ 16. Qxd4 Rxc3 17. Qd2 Rac8 18. Rac1 Qb6+ 19. Kh1 Qc5 20. Bc4
Rxc1 21. Rxc1 Qe5 22. Qd3 Bxc4 23. bxc4 Qxb5 24. h3 Qc5 25. Qb3 Kg7 26. Qc3+ f6
27. Qb3 Qb6 28. Qd3 Qb2 29. Rc2 Qa1+ 30. Kh2 Qe5+ 31. Kg1 Rb8 32. Re2 h5 33. g3
Qa1+ 34. Kg2 Rb1 35. Qe3 Rh1 36. Qf2 Qb1 37. h4 a6 38. Rc2 a5 39. a4 Rg1+ 40.
Kh2 Rf1 41. Qe2 Re1 42. Qf2 Rxe4 43. Rb2 Qd3 44. c5 dxc5 45. Qxc5 Qd4 46. Qc2
0-1

[Event "Superettan(SS 4 Springare-Kamraterna)"]
[Site "?"]
[Date "2022.10.16"]
[Round "3"]
[White "Poley, Vladimir"]
[Black "Svensson, Bengt"]
[Result "0-1"]
[WhiteElo "2313"]
[BlackElo "2307"]
[PlyCount "80"]
[SourceVersionDate "2022.11.05"]

1. Nf3 d5 2. g3 Nf6 3. Bg2 c5 4. O-O Nc6 5. d4 e6 6. e3 Be7 7. b3 O-O 8. Bb2 b6
9. Nbd2 Bb7 10. Re1 Rc8 11. a3 b5 12. Ne5 Qc7 13. Nd3 cxd4 14. exd4 Qb6 15. c3
a5 16. b4 Nb8 17. g4 Nbd7 18. Re3 Rfe8 19. Qe2 axb4 20. axb4 Ra8 21. Re1 Ra2
22. Qd1 Rea8 23. Bc1 Qc7 24. Rh3 g6 25. g5 Nh5 26. Nb3 Bd6 27. Bf1 e5 28. Ndc5
Bc8 29. Rxh5 gxh5 30. dxe5 Bxe5 31. Qxd5 Bxh2+ 32. Kh1 Nf8 33. Be3 Be5 34. Nd4
Ra1 35. Nxb5 Qb8 36. Bc1 Bf4 37. Bxf4 Qxf4 38. Rxa1 Rxa1 39. Nd3 Qh4+ 40. Kg1
Bh3 0-1

[Event "Superettan(Orebro-Rockaden, Sthlm II)"]
[Site "?"]
[Date "2022.10.16"]
[Round "3"]
[White "Ivraeus, Love"]
[Black "Eriksson, Dan"]
[Result "1-0"]
[WhiteElo "2030"]
[BlackElo "2269"]
[PlyCount "53"]
[SourceVersionDate "2022.11.05"]

1. d4 d5 2. Nf3 Nf6 3. g3 e6 4. Bg2 Be7 5. O-O O-O 6. b3 b6 7. Bb2 Bb7 8. c4
Nbd7 9. Ne5 c6 10. Nc3 Nxe5 11. dxe5 Nd7 12. cxd5 cxd5 13. e4 Ba6 14. exd5 Bxf1
15. Kxf1 exd5 16. Bxd5 Rc8 17. e6 Ne5 18. exf7+ Nxf7 19. Ne4 Rc7 20. Qg4 g6 21.
Rd1 Qc8 22. Qf4 Rc2 23. Bd4 Bc5 24. Nf6+ Kg7 25. Ng4+ Bxd4 26. Qxd4+ Kg8 27.
Nh6# 1-0

[Event "Superettan(Orgryte-Vasteras II)"]
[Site "?"]
[Date "2022.10.16"]
[Round "3"]
[White "Torngren, Gustav"]
[Black "Kruuse, Peter"]
[Result "1-0"]
[WhiteElo "2235"]
[BlackElo "1844"]
[PlyCount "77"]
[SourceVersionDate "2022.11.03"]

1. d4 Nf6 2. c4 g6 3. Nc3 Bg7 4. e4 d6 5. Nf3 O-O 6. Be2 e5 7. d5 a5 8. Bg5 h6
9. Be3 Na6 10. Nd2 Nh7 11. f3 f5 12. a3 Bd7 13. Rb1 Rf7 14. O-O Qf8 15. b4 b6
16. c5 axb4 17. axb4 dxc5 18. Bxa6 Rxa6 19. bxc5 bxc5 20. Qe2 Rb6 21. Qc4 Rxb1
22. Rxb1 Qc8 23. Nb3 Nf6 24. Nxc5 fxe4 25. Na6 Qf8 26. Rb8 Ne8 27. Bc5 Re7 28.
Bxe7 Qxe7 29. d6+ Qf7 30. Qxf7+ Kxf7 31. Rd8 cxd6 32. Rxd7+ Ke6 33. Rxg7 Nxg7
34. fxe4 Ne8 35. Nd5 h5 36. Nac7+ Nxc7 37. Nxc7+ Kf6 38. Kf2 g5 39. Ke3 1-0